000 00312nam a22001337a 4500
008 170529b xxu||||| |||| 00| 0 eng d
020 _a9780070053670
041 _aeng
080 _26 ED
_a621
100 _a27
101 _aIM
245 _aVECTOR MECHNANICS FOR ENGINEERING
_cBEER.F.P
942 _2udc
_cBK
999 _c14704
_d14704